El americano impasible

Uloženo v:
Podrobná bibliografie
Hlavní autor: Greene, Graham (Autor)
Médium: Kniha
Jazyk:španělština
Vydáno: Barcelona Bruguera 1980
Edice:Libro Amigo Bruguera, 1502
Témata:
Tagy: Přidat tag
Žádné tagy, Buďte první, kdo vytvoří štítek k tomuto záznamu!

MARC

LEADER 00000nam a2200000 a 4500
001 UCX3706
003 CL-VaPUC
008 911203e19800000SP |||||||||||||||||spa|d
082 0 4 |a 823  |b GRE  |2 21 
100 0 |a Greene, Graham  |e author  |9 309259 
245 1 3 |a El americano impasible 
300 |a 247 p 
942 |c BK 
945 |d 19911203 00:00:00 
260 |a Barcelona  |b Bruguera  |c 1980 
650 0 |a Novelas inglesas  |9 265220 
583 |a last modification  |c 19911203 00:00:00  |k Rodrigo Vera 
490 0 |a Libro Amigo Bruguera, 1502 
999 |c 224388  |d 224386 
952 |0 0  |1 0  |4 0  |6 823_000000000000000_GRE_1980  |7 0  |8 A  |9 220974  |a BIBEDU  |b BIBEDU  |d 2019-11-15  |i 2897350  |o 823 GRE 1980  |p 2897350  |r 2019-11-15  |w 2019-11-15  |y BK  |k LIT 
952 |0 0  |1 0  |4 0  |6 823_000000000000000_GRE_1980  |7 0  |8 A  |9 220975  |a BIBEDU  |b BIBEDU  |d 2019-11-15  |i 4325435  |o 823 GRE 1980  |p 4325435  |r 2019-11-15  |w 2019-11-15  |y BK  |k LIT